| 000 | 00527nam a2200181Ia 4500 | ||
|---|---|---|---|
| 008 | 240925s9999 xx 000 0 und d | ||
| 020 | _a97881203458360 | ||
| 082 | _a004 ADI | ||
| 100 | _aAdikesavan, T.A. | ||
| 245 | 0 | _aInformation technology Bast Pratices and Applications in Business | |
| 250 | _a1st | ||
| 260 |
_aNew Delhi: _bPHI Learning _c,2012. |
||
| 300 |
_a185p. _b0 _fOriginal |
||
| 500 | _aIncludes Index | ||
| 600 | _aComputer Science | ||
| 650 | _aComputer science, information & general works | ||
| 942 | _cBK | ||
| 999 |
_c13152 _d13152 |
||